|
|
|
|
| LEADER |
00631nam a22001697a 4500 |
| 020 |
|
|
|a 9788177583250
|
| 082 |
|
|
|a 515.15
|b THO/C
|
| 100 |
|
|
|a Thomas
|
| 245 |
|
|
|a Calculas
|
| 260 |
|
|
|a Delhi
|b Dorling Kindersley Pvt ltd
|c 2006
|
| 300 |
|
|
|a 1157,T-5
|
| 650 |
|
|
|a Mathematics
|
| 650 |
|
|
|a Mathematics
|
| 942 |
|
|
|c BK
|
| 999 |
|
|
|c 40263
|d 40263
|
| 952 |
|
|
|0 0
|1 0
|4 0
|6 515_150000000000000_THOC
|7 0
|8 Stack
|9 43105
|a KUCL
|b KUCL
|c Stack
|d 2016-06-29
|l 3
|o 515.15 THO/C
|p 41454
|r 2018-12-05
|s 2018-10-11
|w 2016-06-29
|y BK
|
| 952 |
|
|
|0 0
|1 0
|4 0
|6 515_150000000000000_THOC
|7 0
|8 Stack
|9 43928
|a KUCL
|b KUCL
|c Stack
|d 2016-07-22
|l 0
|o 515.15 THO/C
|p 42046
|r 2016-07-22
|w 2016-07-22
|y BK
|